Making out in Thai

Sparad:
Bibliografiska uppgifter
Huvudupphovsman: Clewley, John
Materialtyp: Bok
Språk:Undetermined
Publicerad: Thành phố Hồ Chí Minh Trẻ 2003
Ämnen:
Taggar: Lägg till en tagg
Inga taggar, Lägg till första taggen!
Thư viện lưu trữ: Trung tâm Học liệu Trường Đại học Cần Thơ
LEADER 00475nam a2200181Ia 4500
001 CTU_93662
008 210402s9999 xx 000 0 und d
082 |a 495.91 
082 |b C635 
100 |a Clewley, John 
245 0 |a Making out in Thai 
245 0 |c John Clewley 
260 |a Thành phố Hồ Chí Minh 
260 |b Trẻ 
260 |c 2003 
650 |a Thailand language 
904 |i Tuyến 
980 |a Trung tâm Học liệu Trường Đại học Cần Thơ